000 00480nam a22001697a 4500
005 20251108171138.0
008 250721s1980 xx 000 0 ara d
082 1 4 _aط/535.58/كير
100 1 _aكيرت، هاينز
245 1 0 _aالليزر /
264 1 _aعمان :
_bالجمعية العلمية الملكية،
_c1980.
300 _a48ص
650 1 7 _aأشعة ليزر
700 1 _aالريحاني، جريس
_eترجمة
942 _2ddc
_cBK
999 _c57760
_d57760